[Event "European Youth Chess Championship B16"]
[Site "Prague, Top Hotel Prague"]
[Date "2012.08.18"]
[Round "2.1"]
[White "Tomici, Stefan"]
[Black "Boruchovsky, Avital"]
[Result "0-1"]
[PlyCount "0"]
[BlackElo "2415"]
[WhiteElo "2177"]

1. e4 {[%clk 1:30:54]} c5 {[%clk 1:30:55]} 2. c3 {[%clk 1:31:08]} d5
{[%clk 1:29:46]} 3. exd5 {[%clk 1:31:18]} Qxd5 {[%clk 1:30:09]} 4. d4
{[%clk 1:30:47]} Nf6 {[%clk 1:29:57]} 5. Nf3 {[%clk 1:30:07]} Nc6
{[%clk 1:28:48]} 6. Be3 {[%clk 1:26:47]} e6 {[%clk 1:20:09]} 7. Bd3
{[%clk 1:17:25]} Be7 {[%clk 1:18:22]} 8. O-O {[%clk 1:15:47]} O-O
{[%clk 1:17:19]} 9. Re1 {[%clk 1:12:44]} Rd8 {[%clk 1:10:34]} 10. Qe2
{[%clk 1:08:30]} Qh5 {[%clk 1:01:03]} 11. Nbd2 {[%clk 0:59:27]} cxd4
{[%clk 0:49:37]} 12. cxd4 {[%clk 0:51:24]} b6 {[%clk 0:44:41]} 13. a3
{[%clk 0:47:12]} Bb7 {[%clk 0:42:22]} 14. Rad1 {[%clk 0:42:45]} Rac8
{[%clk 0:38:53]} 15. Bb1 {[%clk 0:35:38]} Bf8 {[%clk 0:32:55]} 16. Nf1
{[%clk 0:28:31]} Qa5 {[%clk 0:28:43]} 17. Rd2 {[%clk 0:23:39]} g6
{[%clk 0:25:32]} 18. Red1 {[%clk 0:20:17]} Bg7 {[%clk 0:20:04]} 19. Ng3
{[%clk 0:16:15]} Ba6 {[%clk 0:16:28]} 20. Qe1 {[%clk 0:16:12]} Bc4
{[%clk 0:16:41]} 21. h4 {[%clk 0:14:33]} Bb3 {[%clk 0:16:18]} 22. Rc1
{[%clk 0:12:52]} Bd5 {[%clk 0:16:12]} 23. Ne5 {[%clk 0:12:05]} Nxe5
{[%clk 0:15:42]} 24. dxe5 {[%clk 0:11:11]} Ng4 {[%clk 0:15:03]} 25. Bd4
{[%clk 0:08:13]} Rxc1 {[%clk 0:12:47]} 26. Qxc1 {[%clk 0:08:34]} Nxe5
{[%clk 0:09:55]} 27. b4 {[%clk 0:08:37]} Qa6 {[%clk 0:10:11]} 28. Rd1
{[%clk 0:06:31]} Bf3 {[%clk 0:09:01]} 0-1

[Event "European Youth Chess Championship B16"]
[Site "Prague, Top Hotel Prague"]
[Date "2012.08.18"]
[Round "2.3"]
[White "Cukrowski, Filip"]
[Black "Laurusas, Tomas"]
[Result "1/2-1/2"]
[PlyCount "0"]
[BlackElo "2402"]
[WhiteElo "2154"]

1. e4 {[%clk 1:30:58]} c5 {[%clk 1:30:56]} 2. Nf3 {[%clk 1:30:59]} e6
{[%clk 1:31:19]} 3. d4 {[%clk 1:31:23]} cxd4 {[%clk 1:31:44]} 4. Nxd4
{[%clk 1:31:44]} a6 {[%clk 1:32:12]} 5. Bd3 {[%clk 1:32:03]} Bc5 {[%clk 1:32:18]}
6. Nb3 {[%clk 1:32:26]} Be7 {[%clk 1:32:42]} 7. Qg4 {[%clk 1:32:49]} g6
{[%clk 1:31:08]} 8. Qe2 {[%clk 1:33:12]} d6 {[%clk 1:30:05]} 9. O-O
{[%clk 1:33:33]} Nd7 {[%clk 1:26:44]} 10. Na3 {[%clk 1:32:59]} Qc7
{[%clk 1:21:47]} 11. Nc4 {[%clk 1:32:59]} Ngf6 {[%clk 1:12:13]} 12. Bh6
{[%clk 1:23:49]} Bf8 {[%clk 1:11:55]} 13. Bxf8 {[%clk 1:06:57]} Kxf8
{[%clk 1:12:18]} 14. a4 {[%clk 1:06:08]} Kg7 {[%clk 1:11:01]} 15. f4
{[%clk 1:03:10]} d5 {[%clk 1:07:27]} 16. exd5 {[%clk 1:00:55]} Nxd5
{[%clk 1:07:39]} 17. Qf3 {[%clk 0:51:02]} N7f6 {[%clk 1:04:41]} 18. Kh1
{[%clk 0:46:10]} b6 {[%clk 0:41:10]} 19. Rae1 {[%clk 0:42:42]} Bb7
{[%clk 0:40:59]} 20. Qf2 {[%clk 0:42:49]} Rad8 {[%clk 0:38:35]} 21. Nd4
{[%clk 0:34:50]} Rhe8 {[%clk 0:38:21]} 22. Ne5 {[%clk 0:16:35]} Nb4
{[%clk 0:35:57]} 23. f5 {[%clk 0:14:31]} Nxd3 {[%clk 0:33:09]} 24. cxd3
{[%clk 0:14:55]} exf5 {[%clk 0:09:00]} 25. Nxf5+ {[%clk 0:15:15]} gxf5
{[%clk 0:09:17]} 26. Qg3+ {[%clk 0:15:40]} Ng4 {[%clk 0:09:42]} 27. Rxf5
{[%clk 0:15:58]} Rd6 {[%clk 0:07:47]} 28. h3 {[%clk 0:06:44]} Rg6
{[%clk 0:07:41]} 29. Rxf7+ {[%clk 0:03:22]} Qxf7 {[%clk 0:07:59]} 30. Nxf7
{[%clk 0:03:40]} Bxg2+ {[%clk 0:05:58]} 31. Kg1 {[%clk 0:03:33]} Rxe1+
{[%clk 0:00:38]} 32. Qxe1 {[%clk 0:03:58]} Bxh3 {[%clk 0:01:01]} 33. Qe7
{[%clk 0:03:54]} Ne5+ {[%clk 0:00:32]} 34. Ng5+ {[%clk 0:03:20]} Kh6
{[%clk 0:01:01]} 35. Qxh7+ {[%clk 0:03:40]} Kxg5 {[%clk 0:01:24]} 36. Qxh3
{[%clk 0:04:06]} Rd6 {[%clk 0:00:54]} 37. d4 {[%clk 0:04:19]} Rxd4
{[%clk 0:01:17]} 38. Kf1 {[%clk 0:02:16]} Rxa4 {[%clk 0:00:43]} 39. Qe3+
{[%clk 0:00:53]} Rf4+ {[%clk 0:01:08]} 40. Ke2 {[%clk 0:30:49]} Nc4
{[%clk 0:31:00]} 41. Qe7+ {[%clk 0:28:47]} Rf6 {[%clk 0:29:18]} 42. b3
{[%clk 0:15:06]} Nd6 {[%clk 0:28:11]} 43. Qe3+ {[%clk 0:15:20]} Kg6
{[%clk 0:26:47]} 44. Qxb6 {[%clk 0:14:11]} Nb5 {[%clk 0:27:15]} 45. Qg1+
{[%clk 0:14:14]} Kf7 {[%clk 0:27:34]} 46. Kd3 {[%clk 0:14:12]} Rc6
{[%clk 0:27:00]} 47. Qg2 {[%clk 0:09:31]} Rc3+ {[%clk 0:26:57]} 48. Kd2
{[%clk 0:09:41]} Rc7 {[%clk 0:25:33]} 49. Qa8 {[%clk 0:09:52]} Rd7+
{[%clk 0:25:56]} 50. Kc2 {[%clk 0:10:00]} Rd6 {[%clk 0:26:12]} 51. b4
{[%clk 0:09:15]} Ke7 {[%clk 0:26:39]} 52. Qb7+ {[%clk 0:08:29]} Kd8
{[%clk 0:27:08]} 1/2-1/2

[Event "European Youth Chess Championship B16"]
[Site "Prague, Top Hotel Prague"]
[Date "2012.08.18"]
[Round "2.5"]
[White "Drozdowski, Kacper"]
[Black "Mikes, Jan"]
[Result "1-0"]
[PlyCount "0"]
[BlackElo "2125"]
[WhiteElo "2350"]

1. e4 {[%clk 1:30:55]} c5 {[%clk 1:30:56]} 2. Nf3 {[%clk 1:31:18]} d6
{[%clk 1:31:21]} 3. d4 {[%clk 1:31:36]} cxd4 {[%clk 1:31:46]} 4. Qxd4
{[%clk 1:31:58]} Nc6 {[%clk 1:29:55]} 5. Bb5 {[%clk 1:32:19]} e5 {[%clk 1:27:40]}
6. Qd3 {[%clk 1:29:52]} Bd7 {[%clk 1:18:33]} 7. O-O {[%clk 1:29:10]} h6
{[%clk 1:15:12]} 8. c4 {[%clk 1:22:19]} g5 {[%clk 1:02:03]} 9. Nc3
{[%clk 1:22:03]} Nf6 {[%clk 0:49:40]} 10. b3 {[%clk 1:19:27]} Nh5
{[%clk 0:44:23]} 11. Rd1 {[%clk 1:10:05]} Rg8 {[%clk 0:35:11]} 12. c5
{[%clk 1:01:50]} g4 {[%clk 0:31:09]} 13. Nd2 {[%clk 0:43:46]} Nf4
{[%clk 0:30:24]} 14. Qf1 {[%clk 0:41:43]} dxc5 {[%clk 0:08:25]} 15. Nc4
{[%clk 0:40:39]} Ng6 {[%clk 0:05:40]} 16. Bxc6 {[%clk 0:33:40]} bxc6
{[%clk 0:06:09]} 17. Be3 {[%clk 0:33:37]} Qc7 {[%clk 0:06:28]} 18. Na4
{[%clk 0:33:26]} O-O-O {[%clk 0:03:12]} 19. Nxc5 {[%clk 0:30:59]} Bxc5
{[%clk 0:02:01]} 20. Bxc5 {[%clk 0:31:22]} Be6 {[%clk 0:02:25]} 21. Bd6
{[%clk 0:21:53]} Bxc4 {[%clk 0:01:41]} 22. Bxc7 {[%clk 0:22:13]} Bxf1
{[%clk 0:02:07]} 23. Rxd8+ {[%clk 0:21:46]} Rxd8 {[%clk 0:02:32]} 24. Bxd8
{[%clk 0:21:56]} Bxg2 {[%clk 0:02:48]} 25. Kxg2 {[%clk 0:21:57]} Kxd8
{[%clk 0:03:12]} 26. Kg3 {[%clk 0:22:12]} h5 {[%clk 0:03:34]} 27. f3
{[%clk 0:22:04]} gxf3 {[%clk 0:03:31]} 28. Kxf3 {[%clk 0:22:21]} Ke7
{[%clk 0:02:58]} 29. Rg1 {[%clk 0:22:29]} 1-0

[Event "European Youth Chess Championship B16"]
[Site "Prague, Top Hotel Prague"]
[Date "2012.08.18"]
[Round "2.6"]
[White "Martins, David Pires Tavares"]
[Black "Georgiadis, Nico"]
[Result "1/2-1/2"]
[PlyCount "0"]
[BlackElo "2345"]
[WhiteElo "2123"]

1. e4 {[%clk 1:30:52]} c5 {[%clk 1:30:54]} 2. Nf3 {[%clk 1:31:16]} d6
{[%clk 1:31:06]} 3. d4 {[%clk 1:31:36]} cxd4 {[%clk 1:31:31]} 4. Nxd4
{[%clk 1:32:01]} Nf6 {[%clk 1:31:55]} 5. Nc3 {[%clk 1:32:23]} g6 {[%clk 1:32:01]}
6. Be3 {[%clk 1:32:42]} Bg7 {[%clk 1:32:22]} 7. f3 {[%clk 1:33:04]} Nc6
{[%clk 1:32:44]} 8. Qd2 {[%clk 1:33:07]} O-O {[%clk 1:32:40]} 9. Bc4
{[%clk 1:33:28]} Bd7 {[%clk 1:32:30]} 10. O-O-O {[%clk 1:33:39]} Qa5
{[%clk 1:31:18]} 11. Bb3 {[%clk 1:33:58]} Rfc8 {[%clk 1:31:38]} 12. h4
{[%clk 1:34:15]} Ne5 {[%clk 1:31:19]} 13. Kb1 {[%clk 1:34:37]} b5
{[%clk 1:29:55]} 14. Ncxb5 {[%clk 1:30:16]} Qxd2 {[%clk 1:30:12]} 15. Rxd2
{[%clk 1:30:23]} Rab8 {[%clk 1:29:06]} 16. Nc3 {[%clk 1:30:28]} a5
{[%clk 1:27:54]} 17. a4 {[%clk 1:29:35]} Nc4 {[%clk 1:25:53]} 18. Bxc4
{[%clk 1:29:55]} Rxc4 {[%clk 1:26:19]} 19. Nb3 {[%clk 1:22:09]} Bxa4
{[%clk 1:15:45]} 20. Nxa4 {[%clk 1:22:27]} Rxa4 {[%clk 1:16:12]} 21. Bd4
{[%clk 1:22:33]} Nd7 {[%clk 0:56:10]} 22. Bxg7 {[%clk 1:11:47]} Kxg7
{[%clk 0:56:33]} 23. Rd5 {[%clk 1:11:52]} Rab4 {[%clk 0:55:38]} 24. Rxa5
{[%clk 1:11:59]} Nc5 {[%clk 0:55:04]} 25. Ra3 {[%clk 1:07:53]} f5
{[%clk 0:48:24]} 26. exf5 {[%clk 0:57:47]} gxf5 {[%clk 0:48:41]} 27. Re1
{[%clk 0:56:48]} Kf6 {[%clk 0:43:35]} 28. Nxc5 {[%clk 0:52:46]} Rxb2+
{[%clk 0:43:47]} 29. Kc1 {[%clk 0:52:47]} dxc5 {[%clk 0:43:49]} 30. Ra6+
{[%clk 0:52:52]} R8b6 {[%clk 0:39:57]} 31. Rxb6+ {[%clk 0:47:46]} Rxb6
{[%clk 0:40:22]} 32. Kd2 {[%clk 0:42:13]} Rb4 {[%clk 0:26:41]} 33. g3
{[%clk 0:42:29]} Ra4 {[%clk 0:21:36]} 34. Rb1 {[%clk 0:36:20]} Ra3
{[%clk 0:20:07]} 35. Rb3 {[%clk 0:25:58]} Ra4 {[%clk 0:05:25]} 36. f4
{[%clk 0:22:34]} h5 {[%clk 0:05:08]} 37. Rb6+ {[%clk 0:22:16]} e6
{[%clk 0:05:24]} 38. Rb8 {[%clk 0:10:39]} Kf7 {[%clk 0:04:17]} 39. Rd8
{[%clk 0:09:11]} Ra1 {[%clk 0:03:13]} 40. Rd3 {[%clk 0:37:29]} Ke7
{[%clk 0:33:03]} 41. Rc3 {[%clk 0:32:48]} Kd6 {[%clk 0:32:45]} 42. Rd3+
{[%clk 0:33:06]} Ke7 {[%clk 0:32:46]} 43. Rc3 {[%clk 0:33:23]} Rg1
{[%clk 0:26:49]} 44. Rd3 {[%clk 0:32:51]} 1/2-1/2

[Event "European Youth Chess Championship B16"]
[Site "Prague, Top Hotel Prague"]
[Date "2012.08.18"]
[Round "2.7"]
[White "Sanzhaev, Darsen"]
[Black "Szotkowski, Jakub"]
[Result "1-0"]
[PlyCount "0"]
[BlackElo "2109"]
[WhiteElo "2335"]

1. e4 {[%clk 1:30:58]} c5 {[%clk 1:30:44]} 2. Nf3 {[%clk 1:31:26]} e6
{[%clk 1:30:53]} 3. d4 {[%clk 1:31:54]} cxd4 {[%clk 1:31:10]} 4. Nxd4
{[%clk 1:32:22]} a6 {[%clk 1:31:26]} 5. Bd3 {[%clk 1:32:49]} Nf6 {[%clk 1:31:40]}
6. O-O {[%clk 1:33:15]} d6 {[%clk 1:31:55]} 7. c4 {[%clk 1:33:44]} Be7
{[%clk 1:31:46]} 8. Nc3 {[%clk 1:33:59]} Nc6 {[%clk 1:31:28]} 9. Nxc6
{[%clk 1:33:57]} bxc6 {[%clk 1:31:55]} 10. f4 {[%clk 1:34:19]} e5
{[%clk 1:30:32]} 11. f5 {[%clk 1:34:46]} h5 {[%clk 1:29:30]} 12. Qe2
{[%clk 1:19:34]} Ng4 {[%clk 1:14:30]} 13. h3 {[%clk 1:16:54]} Nf6
{[%clk 1:13:47]} 14. Be3 {[%clk 1:11:34]} h4 {[%clk 1:12:35]} 15. Qd2
{[%clk 1:10:50]} Bb7 {[%clk 1:08:00]} 16. Rfd1 {[%clk 1:08:01]} O-O
{[%clk 1:03:49]} 17. Be2 {[%clk 1:03:03]} Rb8 {[%clk 0:57:36]} 18. Bf3
{[%clk 1:01:45]} Ba8 {[%clk 0:56:24]} 19. Qf2 {[%clk 0:59:57]} Qc7
{[%clk 0:51:46]} 20. Rd2 {[%clk 0:56:33]} Nd7 {[%clk 0:48:38]} 21. Rad1
{[%clk 0:54:37]} Nb6 {[%clk 0:47:23]} 22. Be2 {[%clk 0:52:18]} Nc8
{[%clk 0:42:04]} 23. Kh1 {[%clk 0:49:51]} c5 {[%clk 0:41:16]} 24. Qf3
{[%clk 0:48:01]} Bf6 {[%clk 0:39:57]} 25. Rg1 {[%clk 0:47:15]} Qe7
{[%clk 0:37:13]} 26. g3 {[%clk 0:40:30]} hxg3 {[%clk 0:27:21]} 27. Rxg3
{[%clk 0:39:25]} Rd8 {[%clk 0:27:35]} 28. Bd3 {[%clk 0:38:18]} Kf8
{[%clk 0:25:56]} 29. Rdg2 {[%clk 0:31:30]} Ke8 {[%clk 0:21:17]} 30. Nd5
{[%clk 0:27:15]} Bxd5 {[%clk 0:21:39]} 31. cxd5 {[%clk 0:27:37]} Qb7
{[%clk 0:17:06]} 32. Qe2 {[%clk 0:19:09]} a5 {[%clk 0:14:01]} 33. Qh5
{[%clk 0:16:52]} Ke7 {[%clk 0:05:01]} 34. Rxg7 {[%clk 0:17:18]} Bxg7
{[%clk 0:05:14]} 35. Bg5+ {[%clk 0:17:41]} Ke8 {[%clk 0:04:52]} 36. Bxd8
{[%clk 0:18:10]} Bf8 {[%clk 0:04:31]} 37. Rg8 {[%clk 0:16:11]} Ne7
{[%clk 0:04:55]} 38. Rxf8+ {[%clk 0:16:24]} Kxf8 {[%clk 0:05:08]} 39. Qh8+
{[%clk 0:16:45]} Ng8 {[%clk 0:05:36]} 40. Bf6 {[%clk 0:47:05]} Qb6
{[%clk 0:32:34]} 41. a4 {[%clk 0:44:28]} 1-0

[Event "European Youth Chess Championship B16"]
[Site "Prague, Top Hotel Prague"]
[Date "2012.08.18"]
[Round "2.8"]
[White "Melzer, Patrik"]
[Black "Beradze, Irakli"]
[Result "1/2-1/2"]
[PlyCount "0"]
[BlackElo "2331"]
[WhiteElo "2108"]

1. d4 {[%clk 1:30:57]} g6 {[%clk 1:30:05]} 2. Nf3 {[%clk 1:30:51]} Bg7
{[%clk 1:30:24]} 3. e4 {[%clk 1:29:35]} c6 {[%clk 1:30:22]} 4. Bd3
{[%clk 1:28:27]} d5 {[%clk 1:30:28]} 5. e5 {[%clk 1:25:03]} Bg4 {[%clk 1:30:24]}
6. Nbd2 {[%clk 1:23:18]} e6 {[%clk 1:29:25]} 7. h3 {[%clk 1:06:23]} Bxf3
{[%clk 1:26:55]} 8. Nxf3 {[%clk 1:06:43]} Ne7 {[%clk 1:27:11]} 9. Bg5
{[%clk 1:03:29]} h6 {[%clk 1:24:52]} 10. Bxe7 {[%clk 0:54:36]} Qxe7
{[%clk 1:25:09]} 11. c3 {[%clk 0:54:04]} O-O {[%clk 1:25:11]} 12. O-O
{[%clk 0:48:55]} c5 {[%clk 1:25:07]} 13. Qd2 {[%clk 0:45:48]} Nc6
{[%clk 1:23:09]} 14. Bb5 {[%clk 0:36:01]} Rac8 {[%clk 1:21:18]} 15. Bxc6
{[%clk 0:34:17]} Rxc6 {[%clk 1:20:17]} 16. dxc5 {[%clk 0:31:28]} Rxc5
{[%clk 1:20:22]} 17. Rfe1 {[%clk 0:29:58]} Rb8 {[%clk 1:10:13]} 18. Nd4
{[%clk 0:28:27]} Rc4 {[%clk 1:07:02]} 19. Rad1 {[%clk 0:20:46]} b5
{[%clk 1:06:47]} 20. a3 {[%clk 0:21:12]} a5 {[%clk 1:04:58]} 21. Nc2
{[%clk 0:21:36]} h5 {[%clk 1:03:51]} 22. Re2 {[%clk 0:18:53]} Kh7
{[%clk 1:02:25]} 23. Qe1 {[%clk 0:18:30]} Qg5 {[%clk 1:00:31]} 24. Rd4
{[%clk 0:17:17]} Bf8 {[%clk 0:59:24]} 25. Rxc4 {[%clk 0:04:54]} bxc4
{[%clk 0:59:03]} 26. Nd4 {[%clk 0:05:16]} Bh6 {[%clk 0:58:03]} 27. a4
{[%clk 0:05:22]} Kg8 {[%clk 0:52:03]} 28. Nb5 {[%clk 0:05:30]} Rb6
{[%clk 0:48:57]} 29. g3 {[%clk 0:02:36]} h4 {[%clk 0:49:14]} 30. Kh2
{[%clk 0:02:02]} Rb8 {[%clk 0:47:02]} 31. Nd4 {[%clk 0:00:56]} Kg7
{[%clk 0:46:12]} 32. Kg2 {[%clk 0:00:42]} hxg3 {[%clk 0:42:12]} 33. fxg3
{[%clk 0:01:10]} Rb7 {[%clk 0:42:29]} 34. Nb5 {[%clk 0:00:36]} Kg8
{[%clk 0:42:36]} 35. Qf1 {[%clk 0:00:38]} Bf8 {[%clk 0:39:01]} 36. Qf4
{[%clk 0:00:40]} Qxf4 {[%clk 0:39:11]} 37. gxf4 {[%clk 0:01:09]} Bc5
{[%clk 0:39:41]} 38. Kf3 {[%clk 0:00:58]} Kg7 {[%clk 0:39:36]} 39. Rg2
{[%clk 0:00:36]} Rb8 {[%clk 0:39:10]} 40. Rd2 {[%clk 0:30:35]} Rh8
{[%clk 1:09:23]} 41. Rh2 {[%clk 0:23:08]} Rh5 {[%clk 1:04:22]} 42. Kg4
{[%clk 0:18:13]} Rf5 {[%clk 0:51:22]} 43. Re2 {[%clk 0:08:03]} Rh5
{[%clk 0:49:11]} 44. Rg2 {[%clk 0:04:59]} f6 {[%clk 0:45:38]} 45. exf6+
{[%clk 0:05:04]} Kxf6 {[%clk 0:46:06]} 46. Re2 {[%clk 0:04:57]} Rh7
{[%clk 0:46:00]} 47. h4 {[%clk 0:04:00]} Bb6 {[%clk 0:45:00]} 48. Nd6
{[%clk 0:03:05]} Bd8 {[%clk 0:44:29]} 49. Nb5 {[%clk 0:02:48]} Bb6
{[%clk 0:43:35]} 50. Nd6 {[%clk 0:03:07]} Rd7 {[%clk 0:36:28]} 51. Nb5
{[%clk 0:03:06]} Bc5 {[%clk 0:36:57]} 52. Re5 {[%clk 0:03:00]} Rh7
{[%clk 0:36:54]} 53. Re2 {[%clk 0:02:49]} Rf7 {[%clk 0:36:07]} 54. Re5
{[%clk 0:02:40]} Rg7 {[%clk 0:36:01]} 55. Re1 {[%clk 0:00:56]} Rh7
{[%clk 0:31:53]} 56. Re2 {[%clk 0:01:23]} Re7 {[%clk 0:26:08]} 57. Re5
{[%clk 0:01:32]} Bb6 {[%clk 0:25:15]} 58. Re2 {[%clk 0:00:50]} e5
{[%clk 0:23:34]} 59. fxe5+ {[%clk 0:01:05]} Rxe5 {[%clk 0:24:03]} 60. Rxe5
{[%clk 0:00:52]} Kxe5 {[%clk 0:24:32]} 61. Kg5 {[%clk 0:00:41]} Bd8+
{[%clk 0:25:01]} 62. Kxg6 {[%clk 0:00:44]} Bxh4 {[%clk 0:25:30]} 63. Nd4
{[%clk 0:01:13]} Bf2 {[%clk 0:22:16]} 64. Nc6+ {[%clk 0:00:53]} Kd6
{[%clk 0:22:45]} 65. Nxa5 {[%clk 0:00:34]} Bb6 {[%clk 0:13:48]} 66. Nb7+
{[%clk 0:01:00]} Kc7 {[%clk 0:14:14]} 67. a5 {[%clk 0:01:23]} Kxb7
{[%clk 0:12:06]} 68. axb6 {[%clk 0:01:52]} Kxb6 {[%clk 0:12:35]} 1/2-1/2

[Event "European Youth Chess Championship B16"]
[Site "Prague, Top Hotel Prague"]
[Date "2012.08.18"]
[Round "2.9"]
[White "Jozefek, Michal"]
[Black "Tsydypov, Zhamsaran"]
[Result "0-1"]
[PlyCount "0"]
[BlackElo "2328"]
[WhiteElo "2081"]

1. d4 {[%clk 1:30:56]} Nf6 {[%clk 1:30:50]} 2. c4 {[%clk 1:31:19]} c5
{[%clk 1:31:14]} 3. d5 {[%clk 1:31:42]} e6 {[%clk 1:31:40]} 4. Nc3
{[%clk 1:31:52]} exd5 {[%clk 1:32:08]} 5. cxd5 {[%clk 1:32:13]} Bd6
{[%clk 1:32:34]} 6. Nf3 {[%clk 1:29:38]} O-O {[%clk 1:33:02]} 7. g3
{[%clk 1:29:58]} Re8 {[%clk 1:33:27]} 8. Bg2 {[%clk 1:29:28]} a6 {[%clk 1:33:52]}
9. a4 {[%clk 1:29:46]} Bf8 {[%clk 1:34:14]} 10. O-O {[%clk 1:29:55]} d6
{[%clk 1:34:43]} 11. Nd2 {[%clk 1:27:05]} Nbd7 {[%clk 1:34:39]} 12. a5
{[%clk 1:10:06]} Rb8 {[%clk 1:31:44]} 13. Nc4 {[%clk 1:09:12]} Ne5
{[%clk 1:32:01]} 14. Nxe5 {[%clk 1:08:30]} Rxe5 {[%clk 1:32:21]} 15. e4
{[%clk 1:04:42]} b5 {[%clk 1:31:13]} 16. f4 {[%clk 0:46:34]} Re8 {[%clk 1:31:41]}
17. e5 {[%clk 0:38:09]} b4 {[%clk 1:32:05]} 18. Na4 {[%clk 0:28:04]} dxe5
{[%clk 1:31:44]} 19. fxe5 {[%clk 0:28:02]} Bg4 {[%clk 1:30:20]} 20. Bf3
{[%clk 0:24:30]} Bxf3 {[%clk 1:23:15]} 21. Qxf3 {[%clk 0:23:55]} Rxe5
{[%clk 1:18:12]} 22. Bf4 {[%clk 0:23:34]} Rf5 {[%clk 1:08:19]} 23. g4
{[%clk 0:20:02]} Rxf4 {[%clk 1:03:46]} 24. Qxf4 {[%clk 0:20:30]} Bd6
{[%clk 1:04:07]} 25. Qf3 {[%clk 0:18:48]} Be5 {[%clk 1:03:38]} 26. Kh1
{[%clk 0:14:20]} h6 {[%clk 1:01:38]} 27. Nxc5 {[%clk 0:09:04]} Bxb2
{[%clk 0:59:04]} 28. Ra2 {[%clk 0:08:42]} Bd4 {[%clk 0:58:06]} 29. Nb3
{[%clk 0:08:00]} Bc3 {[%clk 0:58:01]} 30. Rd1 {[%clk 0:06:24]} Qd6
{[%clk 0:57:11]} 31. Re2 {[%clk 0:04:33]} Rd8 {[%clk 0:56:47]} 32. Re3
{[%clk 0:04:00]} Qc7 {[%clk 0:54:22]} 33. Red3 {[%clk 0:03:04]} Qc4
{[%clk 0:54:14]} 34. Nc1 {[%clk 0:02:06]} Nxg4 {[%clk 0:54:29]} 35. Qg3
{[%clk 0:00:52]} Qe4+ {[%clk 0:54:27]} 36. Kg1 {[%clk 0:01:01]} Be5
{[%clk 0:53:03]} 37. Re1 {[%clk 0:00:46]} Bd4+ {[%clk 0:53:27]} 38. Kf1
{[%clk 0:00:45]} Qh1+ {[%clk 0:53:42]} 39. Ke2 {[%clk 0:01:05]} Re8+
{[%clk 0:54:11]} 40. Kd1 {[%clk 0:31:25]} Rxe1+ {[%clk 1:23:41]} 41. Qxe1
{[%clk 0:31:49]} Nf2+ {[%clk 1:23:34]} 42. Ke2 {[%clk 0:31:30]} Qxe1+
{[%clk 1:21:42]} 43. Kxe1 {[%clk 0:31:59]} Nxd3+ {[%clk 1:22:03]} 44. Nxd3
{[%clk 0:32:24]} b3 {[%clk 1:21:18]} 45. Kd1 {[%clk 0:32:53]} f5 {[%clk 1:20:17]}
46. Nf4 {[%clk 0:32:47]} g5 {[%clk 1:20:34]} 47. Ne6 {[%clk 0:33:10]} Be5
{[%clk 1:20:57]} 48. Nc5 {[%clk 0:33:11]} b2 {[%clk 1:21:23]} 49. Kc2
{[%clk 0:33:37]} f4 {[%clk 1:21:44]} 50. Ne4 {[%clk 0:33:38]} f3 {[%clk 1:22:00]}
51. h3 {[%clk 0:33:57]} h5 {[%clk 1:22:25]} 52. d6 {[%clk 0:34:14]} Bxd6
{[%clk 1:22:17]} 53. Kxb2 {[%clk 0:34:13]} g4 {[%clk 1:22:45]} 54. hxg4
{[%clk 0:34:20]} Be5+ {[%clk 1:23:14]} 0-1

[Event "European Youth Chess Championship B16"]
[Site "Prague, Top Hotel Prague"]
[Date "2012.08.18"]
[Round "2.10"]
[White "Dastan, Muhammed Batuhan"]
[Black "Nuri, Murad"]
[Result "1/2-1/2"]
[PlyCount "0"]
[BlackElo "2097"]
[WhiteElo "2317"]

1. e4 {[%clk 1:30:56]} g6 {[%clk 1:30:42]} 2. d4 {[%clk 1:30:14]} Bg7
{[%clk 1:31:07]} 3. Nc3 {[%clk 1:28:54]} c6 {[%clk 1:31:28]} 4. h3
{[%clk 1:22:54]} d6 {[%clk 1:29:16]} 5. a4 {[%clk 1:21:20]} Nd7 {[%clk 1:27:52]}
6. Nf3 {[%clk 1:18:51]} e5 {[%clk 1:27:48]} 7. dxe5 {[%clk 0:54:20]} dxe5
{[%clk 1:27:54]} 8. Be3 {[%clk 0:35:43]} Ngf6 {[%clk 1:28:01]} 9. Nd2
{[%clk 0:31:53]} O-O {[%clk 0:58:28]} 10. a5 {[%clk 0:29:52]} Qe7
{[%clk 0:47:16]} 11. Nc4 {[%clk 0:30:08]} Rd8 {[%clk 0:46:54]} 12. Qd6
{[%clk 0:29:55]} Qxd6 {[%clk 0:37:20]} 13. Nxd6 {[%clk 0:30:23]} Ne8
{[%clk 0:37:16]} 14. Nc4 {[%clk 0:26:42]} Nf8 {[%clk 0:32:45]} 15. Na4
{[%clk 0:26:21]} Ne6 {[%clk 0:28:12]} 16. c3 {[%clk 0:25:50]} Nd6
{[%clk 0:28:10]} 17. Nxd6 {[%clk 0:24:27]} Rxd6 {[%clk 0:28:39]} 18. Bc4
{[%clk 0:20:29]} Nf4 {[%clk 0:22:03]} 19. O-O {[%clk 0:20:32]} Be6
{[%clk 0:22:27]} 20. Bxe6 {[%clk 0:20:28]} Nxe6 {[%clk 0:22:54]} 21. Rfd1
{[%clk 0:14:59]} Bf8 {[%clk 0:23:16]} 22. b4 {[%clk 0:14:43]} a6 {[%clk 0:09:47]}
23. Bb6 {[%clk 0:14:58]} Rxd1+ {[%clk 0:09:08]} 24. Rxd1 {[%clk 0:15:25]} Re8
{[%clk 0:09:32]} 25. Nb2 {[%clk 0:09:05]} c5 {[%clk 0:04:18]} 26. Rd7
{[%clk 0:09:29]} cxb4 {[%clk 0:01:46]} 27. cxb4 {[%clk 0:09:58]} Bxb4
{[%clk 0:02:08]} 28. Nd3 {[%clk 0:10:23]} Bc3 {[%clk 0:02:11]} 29. Rxb7
{[%clk 0:10:48]} Ra8 {[%clk 0:00:55]} 30. h4 {[%clk 0:03:20]} h5 {[%clk 0:01:00]}
31. g3 {[%clk 0:03:31]} f6 {[%clk 0:00:35]} 32. Kg2 {[%clk 0:03:18]} Bd2
{[%clk 0:00:38]} 33. Kf1 {[%clk 0:02:52]} Bc3 {[%clk 0:00:54]} 34. Kg2
{[%clk 0:01:35]} Bd2 {[%clk 0:01:13]} 35. Nb2 {[%clk 0:01:49]} Bc3
{[%clk 0:00:55]} 36. Nc4 {[%clk 0:02:14]} Rc8 {[%clk 0:00:35]} 37. Ne3
{[%clk 0:01:50]} Bd4 {[%clk 0:00:34]} 38. Nd5 {[%clk 0:01:57]} Rf8
{[%clk 0:00:39]} 39. f4 {[%clk 0:00:34]} Nc5 {[%clk 0:00:35]} 40. Ra7
{[%clk 0:30:33]} Nxe4 {[%clk 0:30:41]} 41. Rxa6 {[%clk 0:25:58]} Kf7
{[%clk 0:27:45]} 42. Kf3 {[%clk 0:20:09]} f5 {[%clk 0:22:34]} 43. fxe5
{[%clk 0:18:31]} Bxe5 {[%clk 0:22:27]} 44. Ra7+ {[%clk 0:18:34]} Ke6
{[%clk 0:21:44]} 45. Nf4+ {[%clk 0:18:57]} Kf6 {[%clk 0:17:11]} 46. Rd7
{[%clk 0:17:21]} Bxf4 {[%clk 0:13:24]} 47. Kxf4 {[%clk 0:15:59]} Ra8
{[%clk 0:08:29]} 48. Rd8 {[%clk 0:12:42]} Ra6 {[%clk 0:07:03]} 49. Rd7
{[%clk 0:07:50]} Ra8 {[%clk 0:07:25]} 50. Ba7 {[%clk 0:05:49]} Rc8
{[%clk 0:03:03]} 51. Bd4+ {[%clk 0:04:49]} Ke6 {[%clk 0:03:28]} 52. Rg7
{[%clk 0:05:00]} Kd5 {[%clk 0:02:58]} 53. Be3 {[%clk 0:03:02]} Rc6
{[%clk 0:02:26]} 54. Ra7 {[%clk 0:03:31]} Kc4 {[%clk 0:00:53]} 55. Rb7
{[%clk 0:03:22]} Kd5 {[%clk 0:00:53]} 56. Bb6 {[%clk 0:01:48]} Rc4
{[%clk 0:00:39]} 57. Rd7+ {[%clk 0:01:35]} Ke6 {[%clk 0:00:46]} 58. Rd4
{[%clk 0:01:47]} Rxd4 {[%clk 0:00:39]} 59. Bxd4 {[%clk 0:02:16]} Kd5
{[%clk 0:01:08]} 60. a6 {[%clk 0:02:29]} Kc6 {[%clk 0:01:34]} 61. Ke5
{[%clk 0:00:36]} Nxg3 {[%clk 0:01:02]} 62. Kf6 {[%clk 0:00:54]} Ne2
{[%clk 0:00:38]} 63. a7 {[%clk 0:00:42]} Kb7 {[%clk 0:01:07]} 64. Bb6
{[%clk 0:01:04]} Nf4 {[%clk 0:01:23]} 65. Kg5 {[%clk 0:00:58]} Ng2
{[%clk 0:01:50]} 1/2-1/2